000 00444nam a2200157Ia 4500
008 230711s9999||||xx |||||||||||||| ||und||
020 _a978-1-107-62481-8
041 _aENG
082 _a631.52
_bMU-P
100 _aMurphy, Denis
245 0 _aPlant Breeding and Biotechnology:Societal Context and the Future of Agriculture
260 _c2007
_aNew Delhi
_bCambridge University Press
300 _a423p.
650 _aAgriculture
942 _cBK
999 _c7587
_d7587